Monte Carlo Calculations of Acoustic Wave Propagation in the Turbulent Atmosphere; Communications in Computer and Information Science; Vol. 487 : Information Technologies and Mathematical Modelling, ITMM 2014

Xehetasun bibliografikoak
Parent link:Communications in Computer and Information Science
Vol. 487 : Information Technologies and Mathematical Modelling, ITMM 2014.— 2014.— [P. 34-33]
Erakunde egilea: Национальный исследовательский Томский политехнический университет (ТПУ) Институт кибернетики (ИК) Кафедра вычислительной техники (ВТ)
Beste egile batzuk: Belov V. V. Vladimir Vasiljevich, Burkatovskaya Yu. B. Yuliya Borisovna, Krasnenko N. P. Nikolay Petrovich, Shamanaeva L. G. Lyudmila Grigorjevna
Gaia:Title screen
The problem of acoustic wave propagation in the turbulent atmosphere is solved by the Monte Carlo method. A 500-m plane-stratified model of the turbulent atmosphere is considered. Classical and molecular absorption of acoustic radiation and scattering by turbulent temperature and wind velocity fluctuations are taken into account for acoustic radiation frequencies of 1, 2, 3 and 4 kHz. A good agreement of the simulation results with experimentally measured values demonstrates the efficiency of the suggested algorithm.
Режим доступа: по договору с организацией-держателем ресурса
Hizkuntza:ingelesa
Argitaratua: 2014
Gaiak:
Sarrera elektronikoa:http://dx.doi.org/10.1007/978-3-319-13671-4_5
Formatua: MixedMaterials Baliabide elektronikoa Liburu kapitulua
KOHA link:https://koha.lib.tpu.ru/cgi-bin/koha/opac-detail.pl?biblionumber=648761

MARC

LEADER 00000naa0a2200000 4500
001 648761
005 20250905135007.0
035 |a (RuTPU)RU\TPU\network\13920 
090 |a 648761 
100 |a 20160602d2014 k||y0engy50 ba 
101 0 |a eng 
135 |a drcn ---uucaa 
181 0 |a i  
182 0 |a b 
200 1 |a Monte Carlo Calculations of Acoustic Wave Propagation in the Turbulent Atmosphere  |f V. V. Belov [et al.] 
203 |a Text  |c electronic 
300 |a Title screen 
320 |a [References: 21 tit.] 
330 |a The problem of acoustic wave propagation in the turbulent atmosphere is solved by the Monte Carlo method. A 500-m plane-stratified model of the turbulent atmosphere is considered. Classical and molecular absorption of acoustic radiation and scattering by turbulent temperature and wind velocity fluctuations are taken into account for acoustic radiation frequencies of 1, 2, 3 and 4 kHz. A good agreement of the simulation results with experimentally measured values demonstrates the efficiency of the suggested algorithm. 
333 |a Режим доступа: по договору с организацией-держателем ресурса 
461 |t Communications in Computer and Information Science 
463 |t Vol. 487 : Information Technologies and Mathematical Modelling, ITMM 2014  |o 13th International Scientific Conference, named after A. F. Terpugov, Anzhero-Sudzhensk, Russia, November 20-22, 2014  |o proceedings  |f eds. A. Dudin [et al.]  |v [P. 34-33]  |d 2014 
610 1 |a электронный ресурс 
610 1 |a труды учёных ТПУ 
610 1 |a турбулентность 
610 1 |a акустические волны 
701 1 |a Belov  |b V. V.  |g Vladimir Vasiljevich 
701 1 |a Burkatovskaya  |b Yu. B.  |c mathematician  |c associate Professor of Tomsk Polytechnic University, candidate of physico-mathematical Sciences  |f 1973-  |g Yuliya Borisovna  |3 (RuTPU)RU\TPU\pers\36259  |9 19335 
701 1 |a Krasnenko  |b N. P.  |g Nikolay Petrovich 
701 1 |a Shamanaeva  |b L. G.  |g Lyudmila Grigorjevna 
712 0 2 |a Национальный исследовательский Томский политехнический университет (ТПУ)  |b Институт кибернетики (ИК)  |b Кафедра вычислительной техники (ВТ)  |3 (RuTPU)RU\TPU\col\18699 
801 2 |a RU  |b 63413507  |c 20160602  |g RCR 
856 4 |u http://dx.doi.org/10.1007/978-3-319-13671-4_5 
942 |c CF